| 000 | 00941nam a22002537a 4500 | ||
|---|---|---|---|
| 999 |
_c22463 _d22463 |
||
| 003 | AR-CdUCM | ||
| 008 | 190319b ||||| |||| 00| 0 spa d | ||
| 020 | _a9786124276118 | ||
| 040 |
_aMUNICIPALIDAD PROVINCIAL DEL CUSCO _cBIBLIOTECA MUNICIPAL DEL CUSCO |
||
| 082 |
_a615.882/C13 _bC13 _2tercera |
||
| 100 |
_aCabieses Molina, Fernando _930402 |
||
| 245 |
_aApuntes de medicina tradicional : _bla racionalización de lo irracional / _cFernando Cabieses |
||
| 260 |
_aLima : _bUniversidad Científica del Sur, Fondo Editorial, _c2019. |
||
| 300 |
_a549 páginas. : _bil. (algunas col.) ; _c29 cm. |
||
| 500 | _zBibliografía: p. [449]-549. | ||
| 650 |
_aMedicina tradicional _914646 |
||
| 650 |
_aIndígenas del Perú _95715 |
||
| 650 |
_aPlantas medicinales _914338 |
||
| 650 |
_aHierbas _948257 |
||
| 650 |
_aUso terapéutico _948258 |
||
| 710 |
_aUniversidad Científica del Sur (Lima) _948259 |
||
| 942 |
_2ddc _cLIBROS |
||
| 945 | _arac | ||